Nhập môn sử học Giáo trình cao đẳng Sư phạm

Khái lược về "Nhập môn sử học". Sơ lược về lịch sử phát triển của khoa học lịch sử. Một số quan điểm cơ bản của chủ nghĩa Mác-Lênin và tư tưởng Hồ Chí Minh được vận dụng vào nghiên cứu, học tập lịch sử. Giới thiệu phương pháp học tập và nghiên cứu khoa học của sinh viên trường Cao đẳng Sư...

Cur síos iomlán

Đã lưu trong:
Sonraí Bibleagrafaíochta
Údair Eile: Phan Ngọc Liên (ch.b.), Trịnh Đình Tùng, Trần Đức Minh, Tạ Ngọc Minh
Formáid: Leabhar
Teanga:Vietnamese
Foilsithe: H. Đại học Sư phạm 2006
Ábhair:
Clibeanna: Cuir Clib Leis
Gan Chlibeanna, Bí ar an gcéad duine leis an taifead seo a chlibeáil!
Thư viện lưu trữ: Mạng thư viện Đại học Đà Nẵng
LEADER 01854aam a22004218a 4500
001 000009948
003 6146
005 20111104091146.0
008 111104s2006 viesd
020 |c 30000đ  |d 850b 
041 |a vie 
082 1 4 |2 14  |a 900  |b Nha 
084 |a P3z73  |b NH123M 
245 |a Nhập môn sử học  |b Giáo trình cao đẳng Sư phạm  |c Phan Ngọc Liên (ch.b.), Trịnh Đình Tùng, Trần Đức Minh.. 
260 |a H.  |b Đại học Sư phạm  |c 2006 
300 |a 271tr.  |c 24cm 
504 |a Thư mục cuối mỗi chương 
520 |a Khái lược về "Nhập môn sử học". Sơ lược về lịch sử phát triển của khoa học lịch sử. Một số quan điểm cơ bản của chủ nghĩa Mác-Lênin và tư tưởng Hồ Chí Minh được vận dụng vào nghiên cứu, học tập lịch sử. Giới thiệu phương pháp học tập và nghiên cứu khoa học của sinh viên trường Cao đẳng Sư phạm 
650 7 |2 Bộ TK TVQG  |a Lịch sử 
650 7 |2 Bộ TK TVQG  |a Tư tưởng Hồ Chí Minh 
650 7 |2 Bộ TK TVQG  |a Chủ nghĩa Mác-Lênin 
653 |a Phương pháp học 
655 7 |2 Bộ TK TVQG  |a Giáo trình 
700 1 |a Phan Ngọc Liên  |e ch.b. 
700 1 |a Trịnh Đình Tùng 
700 1 |a Trần Đức Minh 
700 1 |a Tạ Ngọc Minh 
910 |a Nguyễn Thị Kim Oanh  |d 4/11/2011 
OWN |a LSP 
AVA |a UDN50  |b LSP  |d 900 Nha  |e available  |t Error 5001 Not defined in file expand_doc_bib_avail.  |f 4  |g 0  |h N  |i 0  |k 1 
999 |a From the UDN01 
AVA |a UDN50  |b LSP  |d 900 Nha  |e available  |t Error 5001 Not defined in file expand_doc_bib_avail.  |f 4  |g 0  |h N  |i 0  |k 1 
TYP |a Monograph 
TYP |a Printed language 
980 |a Mạng thư viện Đại học Đà Nẵng